Najsłynniejsi zawodnicy Francji - Statystyki

Ogólne statystyki
  • Ten quiz został rozwiązany 111 razy
  • Średni wynik to 12 z 15
Statystyki odpowiedzi
Wartość
(Transfermarkt)
Klub Pozycja Zawodnik % Poprawnych
160 mln € PSG N Mbappe
100%
9 mln € Tottenham BR Lloris
93%
25 mln € Real Madryt ŚN Benzema
92%
55 mln € Chelsea ŚPD Kante
88%
70 mln € Man Utd ŚO Varane
88%
60 mln € Man Utd ŚP Pogba
84%
55 mln € Bayern LS Coman
83%
50 mln € Atletico Madryt ŚN Griezmann
83%
50 mln € AC Milan LO Hernandez
83%
50 mln € Real Madryt LO Mendy
78%
60 mln € Sevilla ŚO Kounde
75%
35 mln € Monaco N Ben Yedder
68%
60 mln € Bayern ŚO Upamecano
64%
35 mln € Everton LO Digne
53%
1,5 mln € Salernitana ŚN Ribery
41%
Nie znaleziono quizów pasujących do podanych kryteriów
Rozkład punktacji
Procent ludzi z każdym wynikiem
Percentyl według liczby udzielonych odpowiedzi
Twoja historia wyników
Nie rozwiązałeś tego quizu